Partidos políticos y Congreso : (Registro nro. 6866)
[ vista simple ]
| 000 -LEADER | |
|---|---|
| fixed length control field | 02041cam a2200325 a 4500 |
| 003 - CONTROL NUMBER IDENTIFIER | |
| control field | OSt |
| 005 - DATE AND TIME OF LATEST TRANSACTION | |
| control field | 20200921120823.0 |
| 008 - FIXED-LENGTH DATA ELEMENTS--GENERAL INFORMATION | |
| fixed length control field | 050823s2005 ck ad r 000 0 spa d |
| 020 ## - INTERNATIONAL STANDARD BOOK NUMBER | |
| International Standard Book Number | 9583379662 |
| 040 ## - CATALOGING SOURCE | |
| Original cataloging agency | CO-BoPUJ |
| Transcribing agency | CO-JMCR |
| 041 0# - LANGUAGE CODE | |
| Language code of text/sound track or separate title | spa |
| 082 04 - DEWEY DECIMAL CLASSIFICATION NUMBER | |
| Classification number | 324.2861 / |
| Item number | R749p |
| Edition number | 23 |
| 100 1# - MAIN ENTRY--PERSONAL NAME | |
| Personal name | Roll, David, |
| Relator term | Director de la investigación |
| 9 (RLIN) | 3711 |
| 245 10 - TITLE STATEMENT | |
| Title | Partidos políticos y Congreso : |
| Remainder of title | élites políticas y mayorías parlamentarias en Colombia en la década de los noventa / |
| Statement of responsibility, etc. | Director de la investigación David Roll Vélez ; Andrea del Pilar Escobar Gómez...[et al.] |
| 250 ## - EDITION STATEMENT | |
| Edition statement | Primera edición |
| 260 ## - PUBLICATION, DISTRIBUTION, ETC. | |
| Place of publication, distribution, etc. | Bogotá : |
| Name of publisher, distributor, etc. | Universidad Nacional de Colombia : |
| -- | Konrad-Adenauer-Stiftung |
| Date of publication, distribution, etc. | 2005. |
| 300 ## - PHYSICAL DESCRIPTION | |
| Extent | 314 páginas : |
| Other physical details | ilustraciones, cuadros, diagramas y gráficas ; |
| Dimensions | 24 cm. |
| 504 ## - BIBLIOGRAPHY, ETC. NOTE | |
| Bibliography, etc. note | Incluye referencias bibliográficas. |
| 505 0# - FORMATTED CONTENTS NOTE | |
| Formatted contents note | ¿Qué sistema de partidos existen en Colombia, a partir de la composición partidista en el Congreso? -- ¿Cómo se perciben las elites parlamentarias y partidistas colombianas en el Congreso y fuera de él? -- ¿De qué modo se ha desarrollado la participación de las mujeres y de los indígenas en el Congreso colombiano desde la Constitución de 1991? -- ¿Cómo les va a los partidos políticos con representación parlamentaria mayoritaria en las zonas de conflicto? |
| 610 14 - SUBJECT ADDED ENTRY--CORPORATE NAME | |
| Corporate name or jurisdiction name as entry element | Colombia |
| Subordinate unit | Congreso |
| 9 (RLIN) | 10562 |
| 650 24 - SUBJECT ADDED ENTRY--TOPICAL TERM | |
| Topical term or geographic name entry element | Partidos políticos |
| Geographic subdivision | Colombia |
| Chronological subdivision | 1990-2000 |
| 9 (RLIN) | 10563 |
| 650 24 - SUBJECT ADDED ENTRY--TOPICAL TERM | |
| Topical term or geographic name entry element | Élite (Ciencias sociales) |
| Geographic subdivision | Colombia |
| Chronological subdivision | 1990-2000 |
| 9 (RLIN) | 10564 |
| 650 24 - SUBJECT ADDED ENTRY--TOPICAL TERM | |
| Topical term or geographic name entry element | Clase dirigente |
| Geographic subdivision | Colombia |
| Chronological subdivision | 1990-2000 |
| 9 (RLIN) | 10565 |
| 650 24 - SUBJECT ADDED ENTRY--TOPICAL TERM | |
| Topical term or geographic name entry element | Mujeres en la política |
| Geographic subdivision | Colombia |
| Chronological subdivision | 1990-2000 |
| 9 (RLIN) | 10566 |
| 650 24 - SUBJECT ADDED ENTRY--TOPICAL TERM | |
| Topical term or geographic name entry element | Indígenas de Colombia |
| General subdivision | Actividad política |
| Chronological subdivision | 1990-2000 |
| 9 (RLIN) | 10567 |
| 700 1# - ADDED ENTRY--PERSONAL NAME | |
| Personal name | Escobar Gómez, Andrea del Pilar, |
| Relator term | autora |
| 9 (RLIN) | 10568 |
| 856 40 - ELECTRONIC LOCATION AND ACCESS | |
| Public note | Para consultar la tabla de contenido presione aquí. |
| Uniform Resource Identifier | <a href="http://www.javeriana.edu.co/biblos/Libros/partidos.pdf">http://www.javeriana.edu.co/biblos/Libros/partidos.pdf</a> |
| 942 ## - ADDED ENTRY ELEMENTS (KOHA) | |
| Source of classification or shelving scheme | Dewey Decimal Classification |
| Koha item type | Books |
| Withdrawn status | Lost status | Source of classification or shelving scheme | Damaged status | Not for loan | Home library | Current library | Shelving location | Date acquired | Source of acquisition | Total Checkouts | Full call number | Barcode | Date last seen | Copy number | Price effective from | Koha item type |
|---|---|---|---|---|---|---|---|---|---|---|---|---|---|---|---|---|
| Dewey Decimal Classification | Biblioteca Pública José María del Castillo y Rada | Biblioteca Pública José María del Castillo y Rada | General Stacks | 04/15/2018 | Donación | 324.2861 / R749p | 201809791 | 05/16/2024 | Ej.1 | 04/15/2018 | Books |